[Event "Dortmund"]
[Site "?"]
[Date "1997.??.??"]
[Round "?"]
[White "Kramnik, Vladimir"]
[Black "Jussupow, A."]
[Result "1-0"]
[WhiteElo "2770"]
[BlackElo "2640"]
[PlyCount "89"]
[EventDate "1997.??.??"]
[Source "ChessBase"]
[SourceDate "1997.06.01"]

1. Nf3 d5 2. d4 Nf6 3. c4 e6 4. Nc3 Be7 5. Bf4 O-O 6. e3 c5 7. dxc5 Bxc5 8. Qc2 Nc6 9. a3 Bd7 10. Rd1 Rc8 11. Be2 dxc4 12. O-O a6 13. Bxc4 Nh5 14. Ng5 g6 15. Nge4 Be7 16. Bd6 Bxd6 17. Rxd6 Nb8 18. Be2 Ng7 19. Rd3 Qe7 20. Qd2 Rc7 21. Rd1 Bc6 22. Nd6 Ne8 23. e4 Nd7 24. Nxe8 Rxe8 25. Rd6 Rec8 26. Qf4 Qf6 27. Qg3 Nf8 28. h4 Rd7 29. e5 Qg7 30. Bf3 Rxd6 31. exd6 Nd7 32. Bxc6 Rxc6 33. Qg5 Qf8 34. Qe7 Qc8 35. Rd4 Rc5 36. Ne4 Rf5 37. Kh2 h5 38. f3 Kg7 39. Rd3 Qc6 40. Rc3 Qb5 41. Rc8 Qxb2 42. Qxd7 Rxf3 43. Qd8 Qe5+ 44. g3 Qb2+ 45. Kh3 1-0

[Event "Ch World (match)"]
[Site "Ch World (match)"]
[Date "1978.??.??"]
[Round "21"]
[White "Korchnoi, Viktor L"]
[Black "Karpov, Anatoly"]
[Result "1-0"]
[WhiteElo "2665"]
[BlackElo "2725"]
[PlyCount "55"]
[EventDate "1978.??.??"]
[Source "www.chesslib.no"]
[SourceDate "2004.05.04"]

1. c4 Nf6 2. Nc3 e6 3. Nf3 d5 4. d4 Be7 5. Bf4 O-O 6. e3 c5 7. dxc5 Bxc5 8. Qc2 Nc6 9. Rd1 Qa5 10. a3 Re8 11. Nd2 e5 12. Bg5 Nd4 13. Qb1 Bf5 14. Bd3 e4 15. Bc2 Nxc2+ 16. Qxc2 Qa6 17. O-O b5 18. a4 Bf8 19. axb5 Bb4 20. Na4 Bd6 21. b6 Bb8 22. Nc5 Bd6 23. b7 Be5 24. f4 exf3 25. h3 h5 26. g4 hxg4 27. hxg4 Bd6 28. e4 1-0

[Event "Wch"]
[Site "Baguio City PHI"]
[Date "1978.??.??"]
[Round "21"]
[White "Korchnoi, Viktor L"]
[Black "Karpov, Anatoly"]
[Result "1-0"]
[WhiteElo "2665"]
[BlackElo "2725"]
[PlyCount "103"]
[EventDate "1978.??.??"]
[Source "www.chesslib.no"]
[SourceDate "2004.05.04"]

1. c4 Nf6 2. Nc3 e6 3. Nf3 d5 4. d4 Be7 5. Bf4 O-O 6. e3 c5 7. dxc5 Bxc5 8. Qc2 Nc6 9. Rd1 Qa5 10. a3 Re8 11. Nd2 e5 12. Bg5 Nd4 13. Qb1 Bf5 14. Bd3 e4 15. Bc2 Nxc2+ 16. Qxc2 Qa6 17. Bxf6 Qxf6 18. Nb3 Bd6 19. Rxd5 Re5 20. Nd4 Rc8 21. Rxe5 Qxe5 22. Nxf5 Qxf5 23. O-O Rxc4 24. Rd1 Qe5 25. g3 a6 26. Qb3 b5 27. a4 Rb4 28. Qd5 Qxd5 29. Rxd5 Bf8 30. axb5 a5 31. Rd8 Rxb2 32. Ra8 f5 33. Rxa5 Bb4 34. Ra8+ Kf7 35. Na4 Rb1+ 36. Kg2 Bd6 37. Ra7+ Kf6 38. b6 Bb8 39. Ra8 Be5 40. Nc5 Bd6 41. b7 Ke7 42. Rg8 Be5 43. f4 Kf7 44. Rc8 Ke7 45. h3 h5 46. Rg8 Kf7 47. Rd8 g5 48. g4 hxg4 49. hxg4 Ke7 50. Rg8 fxg4 51. Rc8 Bd6 52. Nd3 1-0

[Event "Corr"]
[Site "?"]
[Date "2002.01.15"]
[Round "?"]
[White "Bang Erik (DEN)"]
[Black "Tarnowiecki Harald"]
[Result "1/2-1/2"]
[WhiteElo "2658"]
[BlackElo "2692"]
[PlyCount "32"]
[EventDate "2002.??.??"]
[Source "www.chesslib.no"]
[SourceDate "2004.05.04"]

1. d4 Nf6 2. c4 e6 3. Nf3 d5 4. Nc3 Be7 5. Bf4 O-O 6. e3 Nbd7 7. Qc2 c5 8. dxc5 Nxc5 9. Be2 dxc4 10. Bxc4 a6 11. a4 Bd7 12. O-O Rc8 13. a5 b5 14. axb6 Qxb6 15. Qe2 a5 16. Ne5 Rfd8 1/2-1/2

[Event "WDR Fernsehpreis"]
[Site "WDR Fernsehpreis"]
[Date "1983.??.??"]
[Round "?"]
[White "Huebner, Robert"]
[Black "Karpov, Anatoly"]
[Result "1/2-1/2"]
[WhiteElo "2625"]
[BlackElo "2710"]
[PlyCount "115"]
[EventDate "1983.??.??"]
[Source "www.chesslib.no"]
[SourceDate "2004.05.04"]

1. c4 e6 2. Nc3 d5 3. d4 Nf6 4. Nf3 Be7 5. Bf4 O-O 6. e3 c5 7. dxc5 Bxc5 8. cxd5 Nxd5 9. Nxd5 exd5 10. a3 Nc6 11. Bd3 Bb6 12. O-O Bg4 13. h3 Bh5 14. Be2 Re8 15. Rc1 h6 16. b4 a6 17. Rc2 d4 18. Nxd4 Nxd4 19. exd4 Bxe2 20. Rxe2 Qxd4 21. Qxd4 Bxd4 22. Rfe1 Rxe2 23. Rxe2 Rc8 24. Be3 Bf6 25. Bc5 Rc6 26. a4 a5 27. Re8+ Kh7 28. Re4 Bc3 29. g4 Kg6 30. Be7 f5 31. Rf4 fxg4 32. hxg4 Re6 33. Bf8 Rf6 34. Rxf6+ Kxf6 35. bxa5 Kf7 36. Ba3 g6 37. Kg2 Ke6 38. f4 Bxa5 39. Kf3 Bc7 40. Ke4 h5 41. f5+ gxf5+ 42. gxf5+ Kf7 43. Bb2 h4 44. Kf3 h3 45. Bc3 Bd6 46. Bd4 Kg8 47. Bc3 Kh7 48. Bd2 Kg7 49. Bg5 Kf7 50. Bh4 Be5 51. Bg5 Ke8 52. Be3 Kd7 53. Bc5 Kc6 54. Be7 Kd5 55. Bd8 Bd6 56. Bg5 Bb8 57. Be3 Be5 58. Bg5 1/2-1/2

[Event "Wijk aan Zee"]
[Site "?"]
[Date "1997.??.??"]
[Round "?"]
[White "Van Wely, L."]
[Black "Short, N."]
[Result "0-1"]
[WhiteElo "2645"]
[BlackElo "2690"]
[PlyCount "142"]
[EventDate "1997.??.??"]
[Source "ChessBase"]
[SourceDate "1996.10.01"]

1. d4 Nf6 2. c4 e6 3. Nf3 d5 4. Nc3 Be7 5. Bf4 O-O 6. e3 c5 7. dxc5 Bxc5 8. a3 Nc6 9. Qc2 Qa5 10. O-O-O Be7 11. g4 dxc4 12. Bxc4 e5 13. g5 exf4 14. gxf6 Bxf6 15. Nd5 Ne7 16. Nxf6+ gxf6 17. Rhg1+ Kh8 18. e4 b5 19. Bd5 Nxd5 20. exd5 b4 21. axb4 Qa1+ 22. Kd2 Qa6 23. Qc6 Rd8 24. Kc3 Bb7 25. Qxa6 Bxa6 26. Rd4 Rac8+ 27. Kd2 Bb7 28. Rc1 Rxc1 29. Kxc1 Kg7 30. Ne1 Rxd5 31. Rxd5 Bxd5 32. Nd3 f3 33. Kd2 Bc6 34. Nf4 f5 35. Ke3 Kf6 36. h4 Ke5 37. Nd3+ Kd5 38. Kf4 Ba4 39. Ne5 f6 40. Nxf3 Bc2 41. Nd2 Bd3 42. Ke3 Bc2 43. f3 Ke5 44. Nc4+ Kd5 45. Na5 Ba4 46. b3 Bb5 47. Kf4 Kd4 48. Kxf5 Kc3 49. f4 Kxb4 50. Nb7 Bc6 51. Nd8 Bd5 52. Kxf6 Kxb3 53. Ke5 Kc4 54. f5 a5 55. f6 a4 56. Nc6 Bg8 57. Ne7 Bf7 58. Nf5 a3 59. Nd6+ Kc5 60. Nxf7 a2 61. Ng5 a1=Q+ 62. Ke6 Qa6+ 63. Ke7 Qb7+ 64. Ke6 h6 65. f7 Qc8+ 66. Ke7 hxg5 67. hxg5 Qb7+ 68. Kf8 Kd6 69. Kg8 Qd5 70. g6 Ke7 71. Kh7 Qd8 0-1

[Event "Groningen"]
[Site "?"]
[Date "1996.??.??"]
[Round "?"]
[White "Akopian, V."]
[Black "Short, N."]
[Result "1/2-1/2"]
[WhiteElo "2630"]
[BlackElo "2695"]
[PlyCount "60"]
[EventDate "1996.??.??"]
[Source "ChessBase"]
[SourceDate "1996.10.01"]

1. d4 Nf6 2. c4 e6 3. Nf3 d5 4. Nc3 Be7 5. Bf4 O-O 6. e3 c5 7. dxc5 Bxc5 8. a3 Nc6 9. Qc2 Qa5 10. O-O-O Be7 11. g4 dxc4 12. Bxc4 e5 13. g5 exf4 14. gxf6 Bxf6 15. Nd5 Ne7 16. Nxf6+ gxf6 17. Rhg1+ Kh8 18. e4 b5 19. Bd5 Nxd5 20. exd5 b4 21. axb4 Qa1+ 22. Kd2 Qa6 23. Nd4 Rd8 24. b5 Qb6 25. Qe4 Bb7 26. Qxf4 Rxd5 27. Kc1 f5 28. Qg5 Rc5+ 29. Kd2 Qg6 30. Qe7 Qb6 1/2-1/2

[Event "Dortmund 73/470"]
[Site "?"]
[Date "1998.??.??"]
[Round "?"]
[White "Beliavsky, Alexander G"]
[Black "Jussupow, Artur"]
[Result "0-1"]
[WhiteElo "2690"]
[BlackElo "2630"]
[PlyCount "90"]
[EventDate "1998.??.??"]
[Source "ChessBase"]
[SourceDate "1998.06.01"]

1. Nf3 d5 2. c4 e6 3. d4 Nf6 4. Nc3 Be7 5. Bf4 O-O 6. e3 c5 7. dxc5 Bxc5 8. Qc2 Nc6 9. a3 Qa5 10. O-O-O Be7 11. g4 dxc4 12. Bxc4 e5 13. g5 exf4 14. gxf6 Bxf6 15. Nd5 Ne7 16. Nxf6+ gxf6 17. Rhg1+ Kh8 18. Qe4 Ng6 19. Qd4 Qb6 20. Qxb6 axb6 21. Rd6 Bh3 22. Bd5 fxe3 23. fxe3 Rac8+ 24. Kb1 Rcd8 25. Rxd8 Rxd8 26. Bxf7 Bf5+ 27. Ka2 Be4 28. Nd4 Ne5 29. Be6 Re8 30. Bb3 Nc6 31. Nb5 Bg6 32. Re1 Na5 33. Bd5 Re5 34. Nc3 f5 35. b4 Nc6 36. Kb2 f4 37. e4 Rh5 38. Bxc6 Rxh2+ 39. Kb3 bxc6 40. Kc4 Bf7+ 41. Kd3 Rh3+ 42. Kd2 Bc4 43. Na4 Rd3+ 44. Kc2 Rxa3 45. Nxb6 Bb5 0-1